[Event "Kiryat Ono op 6th"]
[Site "Kiryat Ono"]
[Date "2015.07.09"]
[Round "5"]
[White "Tal, Eyal"]
[Black "Lahav, Michal"]
[Result "0-1"]
[WhiteElo "2044"]
[BlackElo "1991"]
[PlyCount "68"]
[EventDate "2015.07.05"]
[EventType "swiss"]
[EventRounds "5"]
[EventCountry "ISR"]
[SourceTitle "CBM 167 Extra"]
[Source "ChessBase"]
[SourceDate "2015.09.14"]
[SourceVersion "1"]
[SourceVersionDate "2015.09.14"]
[SourceQuality "1"]

1. e4 c5 2. Nf3 d6 3. d4 cxd4 4. Nxd4 Nf6 5. Nc3 g6 6. f3 Bg7 7. Be3 0-0 8. Qd2 Nc6 9. 0-0-0 d5 10. exd5 Nxd5 11. Nxc6 bxc6 12. Nxd5 cxd5 13. Qxd5 Qc7 14. Qc5 Qb7 15. Qa3 Bf5 16. Ba6 Qc6 17. Bd3 Rab8 18. c3 Be6 19. h4 Rfc8 20. Be4 Qb5 21. Bd3 Bc4 22. Bxc4 Qxc4 23. Rhe1 Qb5 24. Bd4 e5 25. Be3 Qc4 26. Qa5 Qxh4 27. Qd5 Qa4 28. Bc5 Qb5 29. b4 a5 30. Re4 Qa4 31. bxa5 Bh6+ 32. Be3 Rxc3+ 33. Kd2 Qc2+ 34. Ke1 Bxe3 0-1

[Event "EU-ch U16 19th"]
[Site "Fermo"]
[Date "2009.09.08"]
[Round "8"]
[White "Tal, Eyal"]
[Black "Fernandez Garcia, Jose Miguel"]
[Result "0-1"]
[WhiteElo "2028"]
[BlackElo "2261"]
[PlyCount "58"]
[EventDate "2009.08.31"]
[EventType "swiss"]
[EventRounds "9"]
[EventCountry "ITA"]
[SourceTitle "CBM 132 Extra"]
[Source "ChessBase"]
[SourceDate "2009.11.03"]
[SourceVersion "1"]
[SourceVersionDate "2009.11.03"]
[SourceQuality "1"]

1. e4 e5 2. Nf3 d6 3. d4 Nf6 4. Nc3 Nbd7 5. Bc4 Be7 6. Bxf7+ Kxf7 7. Ng5+ Kg8 8. Ne6 Qe8 9. Nxc7 Qg6 10. Be3 Rb8 11. Qd3 h6 12. 0-0-0 Kh7 13. f3 a6 14. Qe2 Bd8 15. Ne6 Nxe4 16. Nxe4 Qxe6 17. Qd3 g6 18. d5 Qe7 19. h4 Kg8 20. f4 exf4 21. Bxf4 Ne5 22. Qg3 Bf5 23. Nxd6 Qxd6 24. Bxe5 Qc5 25. c3 Rc8 26. Rdf1 Bb6 27. Bd4 Qxd4 28. Re1 Bc7 29. Qf3 Bf4+ 0-1

[Event "EU-ch U16 19th"]
[Site "Fermo"]
[Date "2009.08.31"]
[Round "1"]
[White "Tal, Eyal"]
[Black "Song, Julien"]
[Result "1-0"]
[WhiteElo "2028"]
[BlackElo "2319"]
[PlyCount "71"]
[EventDate "2009.08.31"]
[EventType "swiss"]
[EventRounds "9"]
[EventCountry "ITA"]
[SourceTitle "CBM 132 Extra"]
[Source "ChessBase"]
[SourceDate "2009.11.03"]
[SourceVersion "1"]
[SourceVersionDate "2009.11.03"]
[SourceQuality "1"]

1. e4 e6 2. d4 d5 3. exd5 exd5 4. Nf3 Bd6 5. c4 Nf6 6. Nc3 0-0 7. c5 Be7 8. Be3 b6 9. b4 a5 10. a3 Ne4 11. Nxe4 dxe4 12. Ne5 Be6 13. Be2 f6 14. Nc4 axb4 15. axb4 Rxa1 16. Qxa1 f5 17. g3 Bf6 18. 0-0 bxc5 19. bxc5 Nc6 20. Rd1 Bd5 21. Ne5 Ne7 22. Qa4 c6 23. Nc4 Ng6 24. Nb6 f4 25. Nxd5 cxd5 26. Bxf4 Nxf4 27. gxf4 Bh4 28. c6 Rxf4 29. Rf1 h6 30. f3 Kh7 31. Qc2 Qg5+ 32. Kh1 Rf6 33. f4 Qf5 34. c7 Rf8 35. Ba6 Qh3 36. c8Q 1-0